000 00630nam a2200181Ia 4500
008 100921s9999 xx 000 0 und d
082 _b20744
_a181.45 थ 37
100 _aवैद्य श्रीपाद महादेव.
245 _aषटचक्र दर्शन व भेदन.
260 _b---
_c1937
300 _a222
_b---
365 _b2.5
520 _aतत्वज्ञान-योग.
630 _aषटचक्र दर्शन व भेदन.
650 _aतत्वज्ञान-योग.
730 _aषटचक्र दर्शन व भेदन.
942 _cBOOK
999 _c769857
_d769854